000 00256nam a2200109Ia 4500
008 190216s9999||||xx |||||||||||||| ||und||
100 _aNanthakumar.V.T
245 0 _aNalathe Mazhaville
260 _bCurrent Books
650 _aMalayalam Novel
942 _cBK
999 _c24072
_d24072